Catholic University of Zimbabwe Library
Online Public Access Catalogue
(OPAC)

Education and youth today / (Record no. 30521)

MARC details
000 -LEADER
fixed length control field 01722nam a2200421Ii 4500
001 - CONTROL NUMBER
control field 9781786350459
003 - CONTROL NUMBER IDENTIFIER
control field UtOrBLW
005 - DATE AND TIME OF LATEST TRANSACTION
control field 20210303085027.0
006 - FIXED-LENGTH DATA ELEMENTS--ADDITIONAL MATERIAL CHARACTERISTICS
fixed length control field m o d
007 - PHYSICAL DESCRIPTION FIXED FIELD--GENERAL INFORMATION
fixed length control field cr un|||||||||
008 - FIXED-LENGTH DATA ELEMENTS--GENERAL INFORMATION
fixed length control field 170821s2017 enk ob 001 0 eng d
020 ## - INTERNATIONAL STANDARD BOOK NUMBER
International Standard Book Number 9781786350459
Qualifying information (e-book)
040 ## - CATALOGING SOURCE
Original cataloging agency UtOrBLW
Language of cataloging eng
Description conventions rda
Transcribing agency UtOrBLW
050 #4 - LIBRARY OF CONGRESS CALL NUMBER
Classification number LB3605
Item number .E38 2016
072 #7 - SUBJECT CATEGORY CODE
Subject category code EDU042000
Source bisacsh
072 #7 - SUBJECT CATEGORY CODE
Subject category code DSA
Source bicssc
080 ## - UNIVERSAL DECIMAL CLASSIFICATION NUMBER
Universal Decimal Classification number 378
082 04 - DEWEY DECIMAL CLASSIFICATION NUMBER
Classification number 378.198
Edition number 23
245 00 - TITLE STATEMENT
Title Education and youth today /
Statement of responsibility, etc. edited by Yasemin Besen-Cassino, Loretta E. Bass.
264 #1 - PRODUCTION, PUBLICATION, DISTRIBUTION, MANUFACTURE, AND COPYRIGHT NOTICE
Name of producer, publisher, distributor, manufacturer Emerald Publishing Limited,
300 ## - PHYSICAL DESCRIPTION
Extent 1 online resource (xvii, 317 pages).
490 0# - SERIES STATEMENT
Series statement Sociologocial studies of children and youth ;
Volume/sequential designation volume 20
500 ## - GENERAL NOTE
General note Includes index.
504 ## - BIBLIOGRAPHY, ETC. NOTE
Bibliography, etc. note Includes bibliographical references.
505 0# - FORMATTED CONTENTS NOTE
Formatted contents note Education and youth today -- Sociological studies of children and youth -- Education and youth today -- Copyright page -- List of contributors -- Editorial board -- Introduction: youth and education in a rapidly changing world -- Part I: Inequalities in education -- Part II: Bullying -- Part III: Lived experience of education -- About the Authors.
588 0# - SOURCE OF DESCRIPTION NOTE
Source of description note Print version record
650 #0 - SUBJECT ADDED ENTRY--TOPICAL TERM
Topical term or geographic name entry element Students.
650 #7 - SUBJECT ADDED ENTRY--TOPICAL TERM
Topical term or geographic name entry element Education, Essays.
Source of heading or term bisacsh
650 #7 - SUBJECT ADDED ENTRY--TOPICAL TERM
Topical term or geographic name entry element Literary theory.
Source of heading or term bicssc
700 1# - ADDED ENTRY--PERSONAL NAME
Personal name Besen-Cassino, Yasemin,
Relator term editor.
700 1# - ADDED ENTRY--PERSONAL NAME
Personal name Bass, Loretta Elizabeth,
Relator term editor.
776 ## - ADDITIONAL PHYSICAL FORM ENTRY
International Standard Book Number 9781786350466
856 40 - ELECTRONIC LOCATION AND ACCESS
Uniform Resource Identifier <a href="https://www.emerald.com/insight/publication/doi/10.1108/S1537-4661201620">https://www.emerald.com/insight/publication/doi/10.1108/S1537-4661201620</a>
Holdings
Withdrawn status Lost status Source of classification or shelving scheme Damaged status Not for loan Home library Current library Shelving location Date acquired Total Checkouts Full call number Date last seen Uniform Resource Identifier Price effective from Koha item type
          Digital Library Digital Library Online Access 03.03.2021   LB3605 .E38 2016 03.03.2021 https://www.emerald.com/insight/publication/doi/10.1108/S1537-4661201620 03.03.2021 eBook

OPENING HOURS

Weekdays: 0815hrs - 1800hrs
Weekends:0900hrs - 1200hrs

Closed for Mass:

Mon, Thur: 1200hrs - 1300hrs
Sunday & Public Holiday’s

CALL SUPPORT

0242-570570, 0242-570169
09200664, +263 8644140602

LOCATION

18443, Cranborne Avenue, Hatfield, Harare

Other Links


©2021 | CUZ Library